000 00441nam a22001577a 4500
003 OSt
005 20221007172327.0
008 221007b |||||||| |||| 00| 0 eng d
040 _cBiblioteca Lado V
082 _a708
_bAL319l
110 _9125
_aAlan Cristea Galery
_bautor
245 _aLanglands & Bell/
260 _aLondres
_bMarco Livingstone
_c2002
300 _a40p.
_c21x27cm
942 _2ddc
_c1
_h708
_iAL319l
_n0
999 _c2239
_d2239